| 000 | 00355nam a22001457a 4500 | ||
|---|---|---|---|
| 008 | 230627b ||||| |||| 00| 0 eng d | ||
| 020 | _a9780716763567 | ||
| 041 | _aeng | ||
| 080 |
_2FIFTH EDITION _a311 |
||
| 082 | _a311NES | ||
| 100 | _a25.2 | ||
| 101 | _aSTAT | ||
| 245 |
_aINTRODUCTION TO THE PRACTICE OF STATISTICS _cNESTER .K .D |
||
| 942 |
_2udc _cBK |
||
| 999 |
_c60055 _d60055 |
||